000 00714nam a2200265Ia 4500
001 46542
005 20240114003756.0
007 ta
008 090331s2008 g b000 u 465 u
020 _a978-81-71888-635-7
_c795.00
040 _aCotton College,Assam
041 _a465
082 _a332.1
_bRa 812 Co
100 _aRay, Partha .
245 0 _aCommercial Banks and Monetary Policy in India /
_cPartha Ray.
_hTextual Documents
250 _a1st ed /
260 _aNew Delhi :
_bAcademic Foundation ,
_c2008.
300 _a279p ;
_c23 cm.
365 _a795.00
653 _aEconomics
653 _aMS-Economics
942 _2ddc
_cBK
999 _c46507
_d46507